00000000nam##2200000za#4500
0019.573903
003CaOODSP
00520220623125948
007cr |||||||||||
008150406|2008||||xxc|||||o    f|0| 0 eng|d
040 |aCaOODSP|beng
043 |an-cn---
0861 |aH117-5/14-2008E-PDF
1101 |aCanada. |bCanadian Institute for Health Information.
24510|aWait times tables - a comparison by Province, 2008 |h[electronic resource]
260 |aOttawa - Ontario : |bCanadian Institute for Health Information |cFebruary 2008.
300 |a24p.|breferences, tables
4901 |aAnalysis in brief
590 |a12-20-Supp|b2012-05-09
77508|tTableaux sur les temps d'attente - une comparaison par province, 2008 |w(CaOODSP)9.603877
830#0|aAnalysis in brief (Statistics Canada)|w(CaOODSP)9.506985
85640|ahttp://publications.gc.ca|qPDF|s316 KB|uhttps://publications.gc.ca/collections/collection_2012/icis-cihi/H117-5-14-2008-eng.pdf